00525nam a22001697a 450000500170000001000150001702000260003203500140005803700130007208200080008510000180009324500890011126000450020027000800024530000240032570000060034920201116145512.0 aENG-126903 c450.00a9789388322416 aEN-110435 bDBAD/PUB a641 aSadaf Hussain aDaastan-e-dastarkhan :bstories and recipes from Muslim kitchens /cby Sadaf Hussain aGurugrambHachette Book Publishingc2019 a4th / 5th Floors, Corporate Centre, Plot No.94, Sector-44, Gurugrame122003 axv;211p.c19cm(pbk) a